000
00359nam a2200145Ia 4500
008
151213s9999 xx 000 0 und d
100
_a
M.A.Qayyun
245
_a
Early Bengali Grammars
_c
M.A.Qayyun
260
_a
Dhaka
_b
Asiatic Socitey
_c
1982
300
_a
7183 p.
650
_a
Bangla
650
_a
Bangla Literature
700
_a
M.A.Qayyun
999
_c
3821
_d
3821